<?xml version="1.0" encoding="UTF-8"?>
<collection xmlns="http://www.loc.gov/MARC21/slim">
 <record>
  <leader>01499nam a22002057a 4500</leader>
  <controlfield tag="001">NCT_109351</controlfield>
  <controlfield tag="008">220407b        xxu||||| |||| 00| 0 vie d</controlfield>
  <datafield tag="999" ind1=" " ind2=" ">
   <subfield code="c">5549</subfield>
   <subfield code="d">5549</subfield>
  </datafield>
  <datafield tag="022" ind1=" " ind2=" ">
   <subfield code="a">2615-9104</subfield>
  </datafield>
  <datafield tag="041" ind1=" " ind2=" ">
   <subfield code="a">vie</subfield>
  </datafield>
  <datafield tag="082" ind1="0" ind2="4">
   <subfield code="2">23rd ed.</subfield>
   <subfield code="a">330</subfield>
   <subfield code="b">T109C</subfield>
  </datafield>
  <datafield tag="245" ind1="0" ind2="0">
   <subfield code="a">Tạp chí nghiên cứu kinh tế và kinh doanh Châu Á</subfield>
   <subfield code="n">Số 11</subfield>
   <subfield code="c">Trường Đại học Kinh tế thành phố Hồ Chí Minh</subfield>
  </datafield>
  <datafield tag="260" ind1=" " ind2=" ">
   <subfield code="a">Thành phố Hồ Chí Minh</subfield>
   <subfield code="b">Trường Đại học Kinh tế thành phố Hồ Chí Minh</subfield>
   <subfield code="c">2018</subfield>
  </datafield>
  <datafield tag="300" ind1=" " ind2=" ">
   <subfield code="c">24cm</subfield>
  </datafield>
  <datafield tag="310" ind1=" " ind2=" ">
   <subfield code="a">Hàng tháng</subfield>
  </datafield>
  <datafield tag="520" ind1="3" ind2=" ">
   <subfield code="a">Số phát hành này bao gồm những bài báo cáo chủ đề như Ảnh hưởng của chất lượng hoạt động kiểm toán nội bộ đến hành vi điều chỉnh lợi nhuận: Nghiên cứu thực nghiệm tại các công ty niêm yết trên thị trường chứng khoán Việt Nam Research Article; Tác động của thanh khoản thị trường tài chính đến thanh khoản ngân hàng thương mại tại Việt Nam; Tác động của các cú sốc vĩ mô lên cán cân thương mại khu vực ASEAN-6: Phương pháp GVAR;...</subfield>
  </datafield>
  <datafield tag="655" ind1=" " ind2=" ">
   <subfield code="a">Tạp chí</subfield>
  </datafield>
  <datafield tag="942" ind1=" " ind2=" ">
   <subfield code="2">ddc</subfield>
   <subfield code="c">CR</subfield>
  </datafield>
  <datafield tag="952" ind1=" " ind2=" ">
   <subfield code="0">0</subfield>
   <subfield code="1">0</subfield>
   <subfield code="2">ddc</subfield>
   <subfield code="4">0</subfield>
   <subfield code="6">330_000000000000000_T109C</subfield>
   <subfield code="7">0</subfield>
   <subfield code="9">22983</subfield>
   <subfield code="a">000001</subfield>
   <subfield code="b">000001</subfield>
   <subfield code="d">2022-04-07</subfield>
   <subfield code="o">330 T109C</subfield>
   <subfield code="r">2022-04-07</subfield>
   <subfield code="w">2022-04-07</subfield>
   <subfield code="y">CR</subfield>
  </datafield>
  <datafield tag="980" ind1=" " ind2=" ">
   <subfield code="a">Thư viện Trường Đại học Nam Cần Thơ</subfield>
  </datafield>
 </record>
</collection>
